[Event "FIDE World Rapid-ch Open 2018"]
[White "Gareyev, Timur"]
[Black "Dzhumagaliev, Yan"]
[Site "St. Petersburg"]
[Round "14.70"]
[Annotator "ChessBase"]
[Result "1-0"]
[Date "2018.12.28"]
[WhiteElo "2569"]
[BlackElo "2410"]
[PlyCount "103"]
[TimeControl "900+10"]

1. Nf3 {[%emt 0:0:29]} e6 {[%emt 0:0:0]} 2. b3 {[%emt 0:0:16]} b6 {[%emt 0:0:0]} 3. a4 {[%emt 0:0:11]} a6 {[%emt 0:0:11]} 4. e3 {[%emt 0:0:37]} Bb7 {[%emt 0:0:2]
} 5. Bb2 {[%emt 0:0:7]} Nf6 {[%emt 0:0:3]} 6. Rg1 {[%emt 0:0:0]} h5 {[%emt 0:0:15]} 7. g3 {[%emt 0:1:1]} d5 {[%emt 0:0:4]} 8. h4 {[%emt 0:0:38]
} c5 {[%emt 0:0:4]} 9. Bh3 {[%emt 0:0:4]} Nbd7 {[%emt 0:0:0]} 10. d3 {[%emt 0:0:15]} Qc7 {[%emt 0:0:28]} 11. Nbd2 {[%emt 0:0:8]} Bd6 {[%emt 0:1:32]} 12. Qe2 {[%emt 0:0:4]} Ne5 {[%emt 0:0:6]} 13. Ng5 {[%emt 0:1:32]
} Neg4 {[%emt 0:1:35]} 14. e4 {[%emt 0:0:12]} d4 {[%emt 0:0:0]} 15. Nc4 {[%emt 0:0:16]} b5 {[%emt 0:0:11]} 16. Nxd6+ {[%emt 0:0:27]} Qxd6 {[%emt 0:0:2]} 17. f3 {[%emt 0:2:3]} Ne3 {[%emt 0:0:20]} 18. Bc1 {[%emt 0:0:10]
} c4 {[%emt 0:1:53]} 19. bxc4 {[%emt 0:0:2]} bxc4 {[%emt 0:0:0]} 20. Bxe3 {[%emt 0:0:2]} dxe3 {[%emt 0:0:10]} 21. Qxe3 {[%emt 0:0:7]} cxd3 {[%emt 0:0:4]} 22. cxd3 {[%emt 0:0:10]} Rd8 {[%emt 0:0:53]} 23. Ke2 {[%emt 0:0:55]
} Nd7 {[%emt 0:0:29]} 24. d4 {[%emt 0:0:18]} Nf8 {[%emt 0:0:0]} 25. Rgb1 {[%emt 0:0:11]} Bc6 {[%emt 0:0:37]} 26. d5 {[%emt 0:0:6]} Bd7 {[%emt 0:0:45]} 27. e5 {[%emt 0:0:55]} Qxd5 {[%emt 0:0:4]} 28. Qf4 {[%emt 0:0:19]
} f5 {[%emt 0:2:13]} 29. exf6 {[%emt 0:0:13]} Ng6 {[%emt 0:0:0]} 30. f7+ {[%emt 0:0:13]} Ke7 {[%emt 0:0:9]} 31. Qb4+ {[%emt 0:0:22]} Kf6 {[%emt 0:0:0]} 32. Rd1 {[%emt 0:0:21]} Qe5+ {[%emt 0:0:3]} 33. Kf2 {[%emt 0:0:37]
} Rb8 {[%emt 0:0:1]} 34. Ne4+ {[%emt 0:0:1]} Kxf7 {[%emt 0:0:0]} 35. Rxd7+ {[%emt 0:0:2]} Kg8 {[%emt 0:0:2]} 36. Nf6+ Qxf6 {[%emt 0:0:0]} 37. Qxb8+ {[%emt 0:1:32]} Kh7 {[%emt 0:0:1]} 38. Qb1 {[%emt 0:0:13]
} Rf8 {[%emt 0:0:21]} 39. Ra3 {[%emt 0:1:27]} Kh8 {[%emt 0:0:1]} 40. Rd6 {[%emt 0:0:51]
} Nxh4 {[%emt 0:0:21]} 41. gxh4 {[%emt 0:0:20]} Qxh4+ {[%emt 0:0:0]} 42. Kg2 {[%emt 0:0:32]} Qg5+ {[%emt 0:0:1]} 43. Kh1 {[%emt 0:0:43]} Qg3 {[%emt 0:0:1]} 44. Rd2 {[%emt 0:0:18]} Qxh3+ {[%emt 0:0:36]} 45. Rh2 {[%emt 0:0:1]
} Qg3 {[%emt 0:0:1]} 46. Rxh5+ {[%emt 0:0:11]} Kg8 {[%emt 0:0:0]} 47. Qe4 {[%emt 0:1:4]} Qd6 {[%emt 0:0:51]} 48. Rd3 {[%emt 0:0:4]} Qb6 {[%emt 0:0:1]} 49. Rd7 {[%emt 0:0:33]} Rf5 {[%emt 0:0:1]} 50. Qa8+ {[%emt 0:0:9]
} Rf8 {[%emt 0:0:3]} 51. Qxf8+ {[%emt 0:0:6]} Kxf8 {[%emt 0:0:0]} 52. Rh8# {[%emt 0:0:2]} 1-0

[Event "FIDE World Rapid-ch Open 2018"]
[White "Teterev, Vitaly"]
[Black "Gabrielian, Artur"]
[Site "St. Petersburg"]
[Round "14.71"]
[Annotator "ChessBase"]
[Result "1-0"]
[Date "2018.12.28"]
[WhiteElo "2486"]
[BlackElo "2499"]
[PlyCount "79"]
[TimeControl "900+10"]

1. Nf3 {[%emt 0:0:0]} c5 {[%emt 0:0:0]} 2. e4 {[%emt 0:0:0]} d6 {[%emt 0:0:0]} 3. Bc4 {[%emt 0:0:0]} Nc6 {[%emt 0:0:1]} 4. 0-0 {[%emt 0:0:6]} Nf6 {[%emt 0:0:4]} 5. Qe2 {[%emt 0:0:20]} Bg4 {[%emt 0:1:33]} 6. c3 {[%emt 0:0:34]
} e6 {[%emt 0:0:2]} 7. h3 {[%emt 0:0:25]} Bxf3 {[%emt 0:0:4]
} 8. Qxf3 {[%emt 0:0:1]} Be7 {[%emt 0:0:2]} 9. Bb3 {[%emt 0:0:13]} 0-0 {[%emt 0:0:8]
} 10. d3 {[%emt 0:0:1]} b5 {[%emt 0:0:27]} 11. Be3 {[%emt 0:0:0]} a5 {[%emt 0:1:29]} 12. a4 {[%emt 0:0:8]} c4 {[%emt 0:1:58]} 13. dxc4 {[%emt 0:0:56]} bxc4 {[%emt 0:0:3]} 14. Bxc4 {[%emt 0:0:45]} Ne5 {[%emt 0:0:1]
} 15. Qe2 {[%emt 0:0:3]} Nxe4 {[%emt 0:0:4]} 16. Bb5 {[%emt 0:0:5]
} d5 {[%emt 0:0:17]} 17. Bd4 {[%emt 0:0:46]} Ng6 {[%emt 0:0:0]} 18. Nd2 {[%emt 0:1:9]} Nf4 {[%emt 0:1:51]} 19. Qe3 {[%emt 0:0:48]} Nxd2 {[%emt 0:0:37]} 20. Qxd2 {[%emt 0:0:1]} Bd6 {[%emt 0:0:2]} 21. Be3 {[%emt 0:0:46]
} Ng6 {[%emt 0:0:43]} 22. b4 {[%emt 0:0:48]} Qc7 {[%emt 0:0:0]} 23. bxa5 {[%emt 0:0:47]} Qxa5 {[%emt 0:0:8]} 24. Rfc1 {[%emt 0:2:28]} Rfd8 {[%emt 0:1:42]} 25. f4 {[%emt 0:1:55]} Bc7 {[%emt 0:0:57]} 26. Qf2 {[%emt 0:0:23]
} Rab8 {[%emt 0:0:17]} 27. f5 {[%emt 0:0:29]} exf5 {[%emt 0:0:0]} 28. Qxf5 {[%emt 0:0:7]} Bb6 {[%emt 0:0:6]} 29. Bxb6 {[%emt 0:0:50]} Rxb6 {[%emt 0:0:14]} 30. c4 {[%emt 0:0:38]} Rf6 {[%emt 0:0:18]} 31. Qc2 {[%emt 0:1:37]
} dxc4 {[%emt 0:0:14]} 32. Qxc4 {[%emt 0:0:15]} Qb6+ {[%emt 0:0:0]} 33. Kh1 {[%emt 0:0:15]} Rf4 {[%emt 0:0:44]} 34. Qc6 {[%emt 0:0:17]} Qf2 {[%emt 0:0:26]} 35. a5 {[%emt 0:0:29]} Rf6 {[%emt 0:0:39]} 36. Qb7 {[%emt 0:0:27]
} h5 {[%emt 0:1:2]} 37. a6 {[%emt 0:0:45]} Rb6 {[%emt 0:0:1]
} 38. Qc7 {[%emt 0:0:23]} Ra8 {[%emt 0:0:42]} 39. Rf1 {[%emt 0:0:19]} Qd4 {[%emt 0:0:18]
} 40. Rad1 {[%emt 0:0:18]} 1-0

[Event "FIDE World Rapid-ch Open 2018"]
[White "Kabanov, Nikolai"]
[Black "Rechlis, Gad"]
[Site "St. Petersburg"]
[Round "14.72"]
[Annotator "ChessBase"]
[Result "1-0"]
[Date "2018.12.28"]
[WhiteElo "2450"]
[BlackElo "2521"]
[PlyCount "151"]
[TimeControl "900+10"]

1. e4 {[%emt 0:0:0]} c5 {[%emt 0:0:12]} 2. Nf3 {[%emt 0:0:0]} d6 {[%emt 0:0:0]} 3. Bb5+ {[%emt 0:0:0]} Bd7 {[%emt 0:0:6]} 4. c4 {[%emt 0:0:2]} Nc6 {[%emt 0:1:8]} 5. Nc3 {[%emt 0:0:15]} Nf6 {[%emt 0:1:44]} 6. d4 {[%emt 0:0:22]
} cxd4 {[%emt 0:0:2]} 7. Nxd4 {[%emt 0:0:1]} g6 {[%emt 0:0:0]} 8. f3 {[%emt 0:0:34]} Nxd4 {[%emt 0:0:44]} 9. Qxd4 Bg7 10. Bg5 {[%emt 0:0:0]} 0-0 {[%emt 0:0:7]} 11. Qd2 {[%emt 0:0:15]} Rc8 {[%emt 0:0:6]} 12. Rc1 {[%emt 0:0:33]} Be6 {[%emt 0:4:22]} 13. b3 {[%emt 0:0:4]} a6 {[%emt 0:0:0]} 14. Ba4 {[%emt 0:0:1]} Rb8 {[%emt 0:1:50]} 15. 0-0 {[%emt 0:0:43]} Qa5 {[%emt 0:0:32]} 16. a3 {[%emt 0:4:35]} Rfc8 {[%emt 0:2:32]} 17. b4 {[%emt 0:0:46]
} Qd8 {[%emt 0:0:36]} 18. Nd5 {[%emt 0:0:7]} Bxd5 {[%emt 0:0:0]} 19. exd5 {[%emt 0:0:47]} b5 {[%emt 0:0:13]} 20. Bb3 {[%emt 0:0:15]} Nd7 {[%emt 0:0:31]} 21. Rfe1 {[%emt 0:1:12]} bxc4 {[%emt 0:0:22]} 22. Bxc4 {[%emt 0:1:50]
} a5 {[%emt 0:0:3]} 23. b5 {[%emt 0:2:7]} Bf6 {[%emt 0:0:37]
} 24. Be3 {[%emt 0:0:19]} h5 {[%emt 0:0:16]} 25. Bf1 {[%emt 0:0:16]} Nc5 {[%emt 0:0:5]
} 26. Qf2 {[%emt 0:0:34]} Qd7 {[%emt 0:0:41]} 27. Kh1 {[%emt 0:0:0]} Qf5 {[%emt 0:0:22]} 28. Red1 {[%emt 0:0:24]} Na4 {[%emt 0:0:12]} 29. Rc6 {[%emt 0:0:54]} Nc3 {[%emt 0:0:3]} 30. Rc1 {[%emt 0:0:20]} Nxd5 {[%emt 0:0:7]
} 31. Ba7 {[%emt 0:1:16]} Rxc6 {[%emt 0:0:10]} 32. bxc6 {[%emt 0:0:3]
} Ra8 {[%emt 0:0:54]} 33. c7 {[%emt 0:0:20]} Rc8 34. Bb8 {[%emt 0:0:2]
} Qf4 {[%emt 0:0:23]} 35. Qe1 {[%emt 0:0:19]} Be5 {[%emt 0:0:0]} 36. g3 {[%emt 0:0:1]} Qxf3+ {[%emt 0:0:2]} 37. Bg2 {[%emt 0:0:0]} Qb3 {[%emt 0:0:1]} 38. Qe4 {[%emt 0:0:33]} Nxc7 {[%emt 0:0:11]} 39. Rb1 {[%emt 0:0:16]
} Qa2 {[%emt 0:0:6]} 40. Qb7 {[%emt 0:0:4]} Ne8 {[%emt 0:0:0]} 41. Bd5 {[%emt 0:0:7]} Qc2 {[%emt 0:0:13]} 42. Rf1 {[%emt 0:0:1]} Nf6 {[%emt 0:0:5]} 43. Bb3 {[%emt 0:0:4]} Qd3 {[%emt 0:0:6]} 44. Qxc8+ {[%emt 0:0:2]
} Kg7 {[%emt 0:0:1]} 45. Qc4 {[%emt 0:0:2]} Qe3 {[%emt 0:0:0]} 46. Qxf7+ {[%emt 0:0:12]} Kh6 {[%emt 0:0:1]} 47. Qc4 {[%emt 0:0:26]} Ne4 {[%emt 0:0:36]} 48. Ba7 {[%emt 0:0:16]} Nxg3+ {[%emt 0:0:18]} 49. hxg3 {[%emt 0:0:9]
} Qxg3 {[%emt 0:0:5]} 50. Qc1+ {[%emt 0:0:17]} g5 {[%emt 0:0:0]} 51. Qc2 {[%emt 0:0:19]} Qh3+ {[%emt 0:0:6]} 52. Kg1 {[%emt 0:0:1]} Qg3+ {[%emt 0:0:1]} 53. Qg2 {[%emt 0:0:1]} Qxb3 {[%emt 0:0:1]} 54. Qf3 {[%emt 0:0:8]
} Qe6 {[%emt 0:0:20]} 55. Be3 {[%emt 0:0:13]} Bf6 {[%emt 0:0:0]} 56. a4 {[%emt 0:0:7]} Qc4 {[%emt 0:0:8]} 57. Qf5 {[%emt 0:0:15]} Qxa4 {[%emt 0:0:11]} 58. Qe6 {[%emt 0:0:21]} Qg4+ {[%emt 0:0:24]} 59. Qxg4 {[%emt 0:0:3]
} hxg4 {[%emt 0:0:0]} 60. Rf5 {[%emt 0:0:12]} a4 {[%emt 0:0:0]} 61. Ra5 {[%emt 0:0:2]} Kg6 {[%emt 0:0:4]} 62. Kg2 {[%emt 0:0:3]} Be5 {[%emt 0:0:16]} 63. Rxa4 {[%emt 0:0:5]} Kf5 {[%emt 0:0:1]} 64. Ra7 {[%emt 0:0:5]
} e6 {[%emt 0:0:9]} 65. Rf7+ {[%emt 0:0:6]} Bf6 {[%emt 0:0:0]} 66. Bd4 {[%emt 0:0:8]} e5 {[%emt 0:0:1]} 67. Bb6 {[%emt 0:0:9]} Ke6 {[%emt 0:0:5]} 68. Rf8 {[%emt 0:0:6]} Be7 {[%emt 0:0:9]} 69. Re8 {[%emt 0:0:2]
} Kf7 {[%emt 0:0:3]} 70. Ra8 {[%emt 0:0:3]} Ke6 {[%emt 0:0:0]} 71. Bd8 {[%emt 0:0:1]} Bxd8 {[%emt 0:0:19]} 72. Rxd8 {[%emt 0:0:2]} e4 {[%emt 0:0:8]} 73. Kg3 {[%emt 0:0:20]} Ke5 {[%emt 0:0:23]} 74. Kxg4 {[%emt 0:0:8]
} d5 {[%emt 0:0:17]} 75. Kxg5 {[%emt 0:0:18]} Kd4 {[%emt 0:0:0]} 76. Kf4 {[%emt 0:0:4]} 1-0

[Event "FIDE World Rapid-ch Open 2018"]
[White "Reshetnikov, Alexey"]
[Black "Kobo, Ori"]
[Site "St. Petersburg"]
[Round "14.73"]
[Annotator "ChessBase"]
[Result "1-0"]
[Date "2018.12.28"]
[WhiteElo "2492"]
[BlackElo "2494"]
[PlyCount "83"]
[TimeControl "900+10"]

1. c4 {[%emt 0:0:0]} b6 {[%emt 0:0:0]} 2. Nf3 {[%emt 0:0:3]} Bb7 {[%emt 0:0:0]
} 3. g3 {[%emt 0:0:2]} Bxf3 {[%emt 0:0:1]} 4. exf3 {[%emt 0:0:0]} c5 {[%emt 0:0:2]} 5. f4 {[%emt 0:0:12]} Nc6 {[%emt 0:0:8]} 6. Bg2 {[%emt 0:0:6]} Rc8 {[%emt 0:0:31]} 7. b3 {[%emt 0:0:21]} Nf6 {[%emt 0:0:0]} 8. Bb2 {[%emt 0:0:3]} e6 {[%emt 0:0:3]} 9. 0-0 {[%emt 0:1:0]} Be7 {[%emt 0:0:51]
} 10. Na3 {[%emt 0:1:53]} 0-0 {[%emt 0:1:31]} 11. Nc2 {[%emt 0:0:0]} d5 {[%emt 0:0:3]} 12. d3 {[%emt 0:0:3]} Qd7 {[%emt 0:2:7]} 13. Qf3 {[%emt 0:0:48]} Rfd8 {[%emt 0:0:17]} 14. Rad1 {[%emt 0:0:13]} d4 {[%emt 0:2:0]
} 15. Rfe1 {[%emt 0:0:16]} a6 {[%emt 0:0:20]} 16. g4 {[%emt 0:0:0]} b5 {[%emt 0:0:55]} 17. h4 {[%emt 0:0:52]} Ne8 {[%emt 0:1:2]} 18. Bc1 {[%emt 0:2:28]} Nd6 {[%emt 0:0:13]} 19. Bh3 {[%emt 0:0:43]} a5 {[%emt 0:0:0]} 20. Kh1 {[%emt 0:2:22]} a4 {[%emt 0:0:12]} 21. f5 exf5 {[%emt 0:0:0]} 22. gxf5 {[%emt 0:1:8]} Bf6 {[%emt 0:0:34]} 23. Bg5 {[%emt 0:0:2]} Kh8 {[%emt 0:1:27]} 24. Na3 {[%emt 0:0:42]} axb3 {[%emt 0:0:39]} 25. axb3 {[%emt 0:0:6]
} Na5 {[%emt 0:0:25]} 26. Qf4 {[%emt 0:0:26]} Bxg5 {[%emt 0:0:0]} 27. hxg5 {[%emt 0:0:9]} Nxb3 {[%emt 0:0:19]} 28. Nxb5 {[%emt 0:0:37]} Nxb5 29. cxb5 f6 {[%emt 0:0:45]} 30. Re6 {[%emt 0:0:35]} Rf8 {[%emt 0:0:22]} 31. b6 {[%emt 0:0:9]} c4 {[%emt 0:0:10]} 32. dxc4 {[%emt 0:0:16]} Rxc4 {[%emt 0:0:12]
} 33. Bg2 {[%emt 0:0:19]} Nc5 {[%emt 0:0:5]} 34. Rd6 {[%emt 0:0:0]} Qe7 {[%emt 0:0:7]} 35. gxf6 {[%emt 0:0:7]} gxf6 {[%emt 0:0:5]} 36. R6xd4 {[%emt 0:0:7]} Rc2 {[%emt 0:0:13]} 37. Qc7 {[%emt 0:0:18]} Qe2 {[%emt 0:0:21]
} 38. Rd8 {[%emt 0:0:6]} Qh5+ {[%emt 0:0:9]} 39. Kg1 {[%emt 0:0:11]
} Qh6 {[%emt 0:0:11]} 40. Rxf8+ {[%emt 0:0:3]} Qxf8 {[%emt 0:0:0]} 41. Rd8 {[%emt 0:0:8]} Rc1+ {[%emt 0:0:2]} 42. Kh2 {[%emt 0:0:5]} 1-0

[Event "FIDE World Rapid-ch Open 2018"]
[White "Geller, Jakov"]
[Black "Christiansen, Johan-Sebastian"]
[Site "St. Petersburg"]
[Round "14.74"]
[Annotator "ChessBase"]
[Result "1-0"]
[Date "2018.12.28"]
[WhiteElo "2518"]
[BlackElo "2555"]
[PlyCount "105"]
[TimeControl "900+10"]

1. e4 {[%emt 0:0:0]} e6 {[%emt 0:0:0]} 2. d4 {[%emt 0:0:0]} d5 {[%emt 0:0:0]} 3. Nc3 {[%emt 0:0:0]} Nf6 {[%emt 0:0:2]} 4. Bg5 {[%emt 0:0:2]} dxe4 {[%emt 0:0:12]} 5. Nxe4 {[%emt 0:0:3]} Be7 {[%emt 0:0:2]} 6. Bxf6 {[%emt 0:0:19]
} gxf6 {[%emt 0:0:2]} 7. c3 {[%emt 0:0:21]} f5 {[%emt 0:0:8]
} 8. Nd2 {[%emt 0:0:21]} c5 {[%emt 0:0:5]} 9. Ngf3 {[%emt 0:0:22]} Nc6 {[%emt 0:0:7]
} 10. Bb5 {[%emt 0:0:32]} 0-0 {[%emt 0:0:36]} 11. Bxc6 {[%emt 0:0:41]
} bxc6 {[%emt 0:0:2]} 12. 0-0 {[%emt 0:0:8]} Rb8 {[%emt 0:0:0]} 13. b3 {[%emt 0:0:10]} cxd4 {[%emt 0:0:22]} 14. Nxd4 {[%emt 0:0:11]} Qc7 {[%emt 0:0:12]} 15. Qh5 {[%emt 0:0:54]} Bf6 {[%emt 0:0:22]} 16. Rae1 {[%emt 0:0:30]
} Kh8 {[%emt 0:1:42]} 17. Re3 {[%emt 0:0:43]} Rg8 {[%emt 0:0:0]} 18. Rfe1 {[%emt 0:0:18]} Bb7 {[%emt 0:0:39]} 19. Rg3 {[%emt 0:1:0]} c5 {[%emt 0:0:28]} 20. N4f3 {[%emt 0:0:3]} Rbd8 {[%emt 0:1:30]} 21. Nc4 {[%emt 0:0:35]
} Be4 {[%emt 0:1:16]} 22. Ng5 {[%emt 0:0:49]} Bxg5 {[%emt 0:0:0]} 23. Rxg5 {[%emt 0:0:3]} Qf4 {[%emt 0:3:17]} 24. Rg3 {[%emt 0:0:12]} Rg6 {[%emt 0:1:41]} 25. Rxg6 {[%emt 0:1:18]} fxg6 {[%emt 0:0:1]} 26. Qe2 {[%emt 0:0:3]
} Kg7 {[%emt 0:1:18]} 27. f3 {[%emt 0:1:22]} Bd5 {[%emt 0:0:0]} 28. Ne5 {[%emt 0:0:12]} Ba8 {[%emt 0:1:10]} 29. Nd3 {[%emt 0:1:8]} Qd6 {[%emt 0:0:1]} 30. Rd1 {[%emt 0:0:6]} Qa6 {[%emt 0:0:42]} 31. c4 {[%emt 0:0:0]} Qb6 {[%emt 0:0:58]} 32. Nf4 {[%emt 0:0:56]} Rxd1+ {[%emt 0:0:11]} 33. Qxd1 {[%emt 0:0:1]} Kh6 {[%emt 0:0:6]} 34. Qd2 {[%emt 0:0:14]} g5 {[%emt 0:0:28]
} 35. Nh3 {[%emt 0:0:8]} f4 {[%emt 0:0:1]} 36. Nf2 {[%emt 0:0:0]} Kg6 {[%emt 0:0:57]} 37. Qd3+ {[%emt 0:0:16]} Kg7 {[%emt 0:0:3]} 38. Qd7+ {[%emt 0:0:22]} Kf8 {[%emt 0:0:46]} 39. Qc8+ {[%emt 0:0:21]} Kg7 {[%emt 0:0:27]
} 40. Qxa8 {[%emt 0:0:11]} Qa5 {[%emt 0:0:2]} 41. Qe4 {[%emt 0:0:6]
} Qxa2 {[%emt 0:0:4]} 42. h4 {[%emt 0:0:13]} Qxb3 {[%emt 0:0:0]} 43. hxg5 {[%emt 0:0:6]} a5 {[%emt 0:0:2]} 44. Qe5+ {[%emt 0:0:18]} Kf7 {[%emt 0:0:4]} 45. Qf6+ {[%emt 0:0:25]} Ke8 {[%emt 0:0:8]} 46. Qxe6+ {[%emt 0:0:3]
} Kf8 {[%emt 0:0:1]} 47. Qf6+ {[%emt 0:0:5]} Ke8 {[%emt 0:0:0]} 48. Qh8+ {[%emt 0:0:3]} Kd7 {[%emt 0:0:6]} 49. Qxh7+ {[%emt 0:0:3]} Kc6 {[%emt 0:0:1]} 50. Qe4+ {[%emt 0:0:8]} Kb6 {[%emt 0:0:3]} 51. Qe6+ {[%emt 0:0:6]
} Ka7 {[%emt 0:0:2]} 52. Qd7+ {[%emt 0:0:6]} Ka8 {[%emt 0:0:0]} 53. Qc8+ {[%emt 0:0:8]} 1-0

[Event "FIDE World Rapid-ch Open 2018"]
[White "Khusnutdinov, Rustam"]
[Black "Tissir, Mohamed"]
[Site "St. Petersburg"]
[Round "14.75"]
[Annotator "ChessBase"]
[Result "1/2-1/2"]
[Date "2018.12.28"]
[WhiteElo "2470"]
[BlackElo "2387"]
[PlyCount "125"]
[TimeControl "900+10"]

1. e4 {[%emt 0:0:0]} c5 {[%emt 0:0:0]} 2. Nf3 {[%emt 0:0:0]} d6 {[%emt 0:0:0]} 3. d4 {[%emt 0:0:0]} cxd4 {[%emt 0:0:0]} 4. Qxd4 {[%emt 0:0:0]} Nd7 {[%emt 0:0:0]} 5. Be2 {[%emt 0:0:2]} Ngf6 {[%emt 0:0:7]} 6. 0-0 {[%emt 0:0:4]
} a6 {[%emt 0:0:2]} 7. Rd1 {[%emt 0:0:20]} Qc7 {[%emt 0:0:2]
} 8. c4 {[%emt 0:0:1]} e6 {[%emt 0:0:8]} 9. Nc3 {[%emt 0:0:2]} Be7 {[%emt 0:0:8]
} 10. Bg5 {[%emt 0:5:28]} 0-0 {[%emt 0:0:22]} 11. Bh4 {[%emt 0:0:0]} Ne5 {[%emt 0:2:30]} 12. Bxf6 {[%emt 0:0:38]} gxf6 {[%emt 0:0:1]} 13. Rac1 {[%emt 0:0:5]} Kh8 {[%emt 0:0:9]} 14. Qe3 {[%emt 0:0:5]} Rg8 {[%emt 0:0:4]
} 15. Nd4 {[%emt 0:0:5]} Bd7 {[%emt 0:3:6]} 16. Kh1 {[%emt 0:0:0]} Rg7 {[%emt 0:0:5]} 17. f4 {[%emt 0:0:4]} Ng4 {[%emt 0:0:24]} 18. Qg1 {[%emt 0:2:5]} Rag8 {[%emt 0:0:10]} 19. Bf3 {[%emt 0:1:31]} Qc5 {[%emt 0:2:9]
} 20. h3 {[%emt 0:0:17]} Nh6 {[%emt 0:2:59]} 21. Nde2 {[%emt 0:0:0]} Qc8 {[%emt 0:0:15]} 22. Qe3 {[%emt 0:4:2]} f5 {[%emt 0:0:19]} 23. e5 {[%emt 0:0:31]} dxe5 {[%emt 0:0:37]} 24. Qxe5 {[%emt 0:0:1]} f6 {[%emt 0:1:7]
} 25. Qd4 {[%emt 0:0:39]} Be8 {[%emt 0:1:1]} 26. c5 {[%emt 0:0:0]} Bc6 {[%emt 0:0:13]} 27. Qf2 {[%emt 0:0:26]} Rxg2 {[%emt 0:3:8]} 28. Qxg2 {[%emt 0:0:12]} Rxg2 {[%emt 0:0:2]} 29. Bxg2 {[%emt 0:0:6]} Bxg2+ {[%emt 0:0:13]
} 30. Kxg2 {[%emt 0:0:0]} Qc6+ {[%emt 0:0:9]} 31. Kh2 {[%emt 0:0:12]
} Qf3 {[%emt 0:0:6]} 32. Rf1 {[%emt 0:0:15]} Qe3 {[%emt 0:0:0]} 33. b4 {[%emt 0:0:1]} Bd8 {[%emt 0:0:8]} 34. Rcd1 {[%emt 0:0:6]} Be7 {[%emt 0:0:20]} 35. Rd7 {[%emt 0:0:2]} Ng8 {[%emt 0:0:13]} 36. Rxb7 e5 37. Rd7 {[%emt 0:0:34]} exf4 {[%emt 0:0:5]} 38. Rxf4 {[%emt 0:0:4]} Nh6 {[%emt 0:0:6]
} 39. Kg2 {[%emt 0:0:11]} Qe6 {[%emt 0:0:4]} 40. Rd3 {[%emt 0:0:0]} Nf7 41. Nd4 {[%emt 0:0:30]} Qc4 {[%emt 0:0:2]} 42. Rdf3 {[%emt 0:0:0]} Ng5 {[%emt 0:0:22]} 43. Nxf5 Qe6 44. Re3 {[%emt 0:0:11]} Qc6+ {[%emt 0:0:0]} 45. Kh2 {[%emt 0:0:5]} Bf8 {[%emt 0:0:16]} 46. h4 {[%emt 0:0:17]} Nf7 {[%emt 0:0:5]} 47. Nd4 {[%emt 0:0:13]} Qd7 {[%emt 0:0:16]} 48. Kg2 {[%emt 0:0:15]
} Bh6 {[%emt 0:0:8]} 49. Ref3 {[%emt 0:0:6]} Bxf4 50. Rxf4 Ne5 {[%emt 0:0:21]} 51. Nce2 {[%emt 0:0:5]} Ng6 {[%emt 0:0:8]} 52. Rxf6 {[%emt 0:0:35]
} Qg4+ 53. Kf1 Nxh4 {[%emt 0:0:17]} 54. Rf8+ {[%emt 0:0:16]} Kg7 {[%emt 0:0:1]} 55. Rf4 {[%emt 0:0:0]} Qh3+ {[%emt 0:0:14]} 56. Kf2 {[%emt 0:0:2]
} Qh2+ {[%emt 0:0:8]} 57. Kf1 {[%emt 0:0:6]} Qh1+ {[%emt 0:0:0]} 58. Kf2 {[%emt 0:0:1]} Qh2+ {[%emt 0:0:14]} 59. Kf1 {[%emt 0:0:0]} Qh3+ {[%emt 0:0:24]} 60. Kf2 {[%emt 0:0:1]} Qh2+ 61. Kf1 Qh3+ 62. Kf2 Qh2+ 63. Kf1 1/2-1/2

[Event "FIDE World Rapid-ch Open 2018"]
[White "Sharma, Dinesh K."]
[Black "Zhigalko, Andrey"]
[Site "St. Petersburg"]
[Round "14.76"]
[Annotator "ChessBase"]
[Result "0-1"]
[Date "2018.12.28"]
[WhiteElo "2295"]
[BlackElo "2545"]
[PlyCount "140"]
[TimeControl "900+10"]

1. e4 {[%emt 0:0:0]} c5 {[%emt 0:0:0]} 2. Nf3 {[%emt 0:0:0]} d6 {[%emt 0:0:0]} 3. d4 {[%emt 0:0:0]} cxd4 {[%emt 0:0:0]} 4. Nxd4 {[%emt 0:0:0]} Nf6 {[%emt 0:0:0]} 5. Nc3 {[%emt 0:0:0]} a6 {[%emt 0:0:0]} 6. Be3 {[%emt 0:0:1]
} e6 {[%emt 0:0:0]} 7. f3 {[%emt 0:0:38]} b5 {[%emt 0:0:1]} 8. Qd2 {[%emt 0:0:2]} Nbd7 {[%emt 0:0:6]} 9. a3 {[%emt 0:1:24]} Bb7 {[%emt 0:0:51]
} 10. g4 {[%emt 0:0:3]} Nb6 {[%emt 0:0:35]} 11. Qf2 {[%emt 0:0:0]} Nfd7 {[%emt 0:0:15]} 12. 0-0-0 {[%emt 0:0:30]} Rc8 {[%emt 0:0:11]} 13. Bd3 {[%emt 0:1:7]} Rxc3 {[%emt 0:0:21]} 14. bxc3 {[%emt 0:0:2]} d5 {[%emt 0:0:54]
} 15. Kd2 {[%emt 0:0:19]} Bxa3 {[%emt 0:0:40]} 16. Rb1 {[%emt 0:0:51]
} 0-0 {[%emt 0:0:27]} 17. g5 {[%emt 0:0:26]} dxe4 {[%emt 0:0:0]} 18. fxe4 {[%emt 0:0:5]} Nc5 {[%emt 0:1:34]} 19. Qh4 {[%emt 0:0:35]} e5 {[%emt 0:1:42]} 20. Nf5 {[%emt 0:0:2]} Nc4+ {[%emt 0:0:57]} 21. Ke2 {[%emt 0:0:11]
} Nxe3 {[%emt 0:0:9]} 22. Nxe3 {[%emt 0:0:16]} Ne6 {[%emt 0:0:0]} 23. Rhg1 {[%emt 0:0:8]} Nf4+ {[%emt 0:1:28]} 24. Kf3 {[%emt 0:0:9]
} Nxd3 {[%emt 0:1:32]} 25. cxd3 {[%emt 0:0:1]} Qxd3 {[%emt 0:0:27]} 26. Rgd1 {[%emt 0:0:2]} Qxc3 {[%emt 0:0:6]} 27. Ke2 {[%emt 0:0:5]} Qc6 {[%emt 0:1:33]
} 28. Rb3 {[%emt 0:3:4]} Be7 {[%emt 0:0:27]} 29. Rd5 {[%emt 0:0:0]} h6 {[%emt 0:0:33]} 30. Rxe5 {[%emt 0:1:26]} Bxg5 {[%emt 0:0:7]} 31. Qg3 {[%emt 0:0:8]} Rd8 {[%emt 0:1:14]} 32. Rd5 {[%emt 0:0:24]} Re8 {[%emt 0:0:12]
} 33. Re5 {[%emt 0:0:50]} Rxe5 {[%emt 0:0:5]} 34. Qxe5 {[%emt 0:0:1]
} Qxe4 {[%emt 0:0:4]} 35. Qxe4 {[%emt 0:0:23]} Bxe4 {[%emt 0:0:0]} 36. Ra3 {[%emt 0:0:1]} Bb7 {[%emt 0:0:14]} 37. Nf5 {[%emt 0:0:2]} g6 {[%emt 0:0:23]} 38. Nd6 {[%emt 0:0:19]} Be7 {[%emt 0:0:11]} 39. Rd3 {[%emt 0:0:1]
} Bc6 {[%emt 0:0:18]} 40. Nc8 {[%emt 0:0:14]} Bg5 {[%emt 0:0:0]} 41. Rd6 {[%emt 0:0:34]} Bb7 {[%emt 0:0:9]} 42. Nb6 {[%emt 0:0:6]} b4 {[%emt 0:0:15]} 43. Na4 {[%emt 0:0:13]} Kg7 {[%emt 0:0:18]} 44. Rb6 {[%emt 0:0:9]
} Bc8 {[%emt 0:0:7]} 45. Rxb4 {[%emt 0:0:6]} Bd7 {[%emt 0:0:0]} 46. Nb6 {[%emt 0:0:11]} Bb5+ {[%emt 0:0:3]} 47. Kf3 {[%emt 0:0:16]} f5 {[%emt 0:0:14]} 48. Na4 {[%emt 0:0:43]} Be7 {[%emt 0:0:9]} 49. Rd4 {[%emt 0:0:5]
} Bf6 {[%emt 0:0:13]} 50. Rb4 {[%emt 0:0:6]} g5 {[%emt 0:0:0]} 51. h3 {[%emt 0:0:1]} h5 {[%emt 0:0:5]} 52. Nb2 {[%emt 0:0:40]} Be5 {[%emt 0:0:24]
} 53. Nc4 {[%emt 0:0:8]} g4+ {[%emt 0:0:1]} 54. hxg4 {[%emt 0:0:2]
} hxg4+ {[%emt 0:0:2]} 55. Kg2 {[%emt 0:0:11]} Bc3 {[%emt 0:0:0]} 56. Rb3 {[%emt 0:0:5]} Bd4 {[%emt 0:0:7]} 57. Nd6 {[%emt 0:0:13]} Bc6+ {[%emt 0:0:8]} 58. Kf1 {[%emt 0:0:1]} Kf6 {[%emt 0:0:15]} 59. Rb4 {[%emt 0:0:14]
} Be3 {[%emt 0:0:12]} 60. Rc4 {[%emt 0:0:9]} Bd5 {[%emt 0:0:0]} 61. Ra4 {[%emt 0:0:9]} f4 {[%emt 0:0:5]} 62. Rxa6 {[%emt 0:0:2]} Ke5 {[%emt 0:0:6]} 63. Nb5 {[%emt 0:0:16]} g3 {[%emt 0:0:16]} 64. Rg6 {[%emt 0:0:0]} Kf5 {[%emt 0:0:10]} 65. Rg7 {[%emt 0:0:34]} Bc4+ {[%emt 0:0:3]} 66. Kg2 {[%emt 0:0:1]} Bxb5 {[%emt 0:0:3]} 67. Rf7+ {[%emt 0:0:6]} Ke6 {[%emt 0:0:12]
} 68. Rc7 {[%emt 0:0:4]} Kd6 {[%emt 0:0:5]} 69. Rc3 {[%emt 0:0:0]} Bc6+ {[%emt 0:0:2]} 70. Kh3 {[%emt 0:0:5]} g2 {[%emt 0:0:16]} 0-1